Mezinárodní vztahy úvod do studia materiálních pramenů MP

Saved in:
Bibliographic Details
Main Author: Hýbnerová, Stanislava
Other Authors: Busch, Egon
Format: Book
Language:Czech
Published: Praha Univerzita Karlova 1981
Tags: Add Tag
No Tags, Be the first to tag this record!

MARC

LEADER 00000nam a2200000 4500
001 c130484
005 20041019155249.5
041 0 |a cze 
044 |a CZ 
245 1 0 |a Mezinárodní vztahy  |b úvod do studia materiálních pramenů MP  |c Stanislava Hýbnerová, Egon Busch 
264 1 |a Praha  |b Univerzita Karlova  |c 1981 
300 |a 144 s. 
100 1 |a Hýbnerová, Stanislava 
700 1 |a Busch, Egon